| 000 | 00873nas a2200301 4500 | ||
|---|---|---|---|
| 001 | BR0802699 | ||
| 003 | BR-BrBNA | ||
| 005 | 20231205112043.0 | ||
| 007 | ta | ||
| 008 | 230509b bl.|||p| |||| 00| 00por d | ||
| 040 |
_aBR-BrBNA _bpor _cBiblioteca Nacional de Agricultura |
||
| 041 | _a(Pt) | ||
| 072 | _aL20; P40 | ||
| 100 | 1 | _aVargas, A.B. | |
| 100 | 1 | _aNunes, A.J.M. | |
| 100 | 1 | _aQueiroz, J.M. | |
| 100 | 1 | _aSouza, G.O. | |
| 100 | 1 | _aRamos, E.F. | |
| 245 | 1 | _aEfeitos de fatores ambientais sobre a Mirmecofauna em comunidade de Restinga no Rio de Janeiro | |
| 650 | _aINSETO | ||
| 650 | _aFORMIGA | ||
| 650 | _aFAUNA | ||
| 650 | _aRESTINGA | ||
| 650 | _aRIO DE JANEIRO | ||
| 773 | 0 |
_tNeotropical Entomology (Brazil) _xISSN 1519-566X _g(Jan-Feb 2007), v. 36(1) p. 28-37 _wBR0802699 |
|
| 909 |
_a202311 _bLúcia _c55 _dLúcia Elande |
||
| 942 |
_2AGRIS _n0 _cANA |
||
| 999 |
_c195846 _d195846 |
||